| 000 | 00991nac a22003257a 4500 | ||
|---|---|---|---|
| 001 | BR9206296 | ||
| 003 | BR-BrBNA | ||
| 005 | 20240105121240.0 | ||
| 008 | 230509b bl.|||m| |||| 00| 0 por d | ||
| 040 |
_aBR-BrBNA _bpor _cBiblioteca Nacional de Agricultura |
||
| 072 | _aP36 | ||
| 090 | _aP36 BR9206296 | ||
| 100 | 1 | _aLombardi Neto, F. | |
| 100 | 1 | _aBellinazzi Junior, R. | |
| 100 | 1 | _aLepsh, I.F. | |
| 100 | 1 | _aOliveira, J.B. de | |
| 100 | 1 | _aBertolini, D. | |
| 100 | 1 | _aGaleti, P.A. | |
| 100 | 1 | _aDrugowich, M.I. | |
| 110 | 1 | _aCoordenadoria de Assistencia Tecnica Integral, Campinas, SP (Brasil) | |
| 245 | 1 | _aTerraceamento agricola | |
| 260 | 3 |
_aCampinas, SP (Brasil): _c1991. |
|
| 300 | _a39 p. | ||
| 490 |
_aBoletim Tecnico - Coordenadoria de Assistencia Tecnica Integral (Brazil) _vno. 206 _xISSN 0100-4417 |
||
| 500 | _a17 illus. | ||
| 650 | _aEROSAO DO SOLO | ||
| 650 | _aTERRACO | ||
| 909 |
_a202312 _bLúcia Elande _c55 _dLúcia Elande |
||
| 942 |
_2AGRIS _n0 _cMS |
||
| 999 |
_c284190 _d284190 |
||